<?xml version="1.0" encoding="UTF-8"?>
<collection xmlns="http://www.loc.gov/MARC21/slim">
 <record>
  <leader>01979nam a2200361   4500</leader>
  <controlfield tag="001">000023438</controlfield>
  <controlfield tag="003">19889</controlfield>
  <controlfield tag="005">20151208161233.0</controlfield>
  <controlfield tag="008">151207s2015                        viesd</controlfield>
  <datafield tag="041" ind1=" " ind2=" ">
   <subfield code="a">vie</subfield>
  </datafield>
  <datafield tag="082" ind1="1" ind2="4">
   <subfield code="a">372.112</subfield>
   <subfield code="b">LÊ-T</subfield>
  </datafield>
  <datafield tag="100" ind1="1" ind2=" ">
   <subfield code="a">Lê Thị Kim Tuyền</subfield>
  </datafield>
  <datafield tag="245" ind1="1" ind2=" ">
   <subfield code="a">Biện pháp quản lý hoạt động tự bồi dưỡng chuyên môn của giáo viên tiểu học quận Hải Châu thành phố Đà Nẵng</subfield>
   <subfield code="c">Lê Thị Kim Tuyền ; Lê Quang Sơn hướng dẫn.</subfield>
   <subfield code="k">Luận văn Thạc sĩ</subfield>
  </datafield>
  <datafield tag="260" ind1=" " ind2=" ">
   <subfield code="a">Đà Nẵng</subfield>
   <subfield code="b">Đại học Đà Nẵng</subfield>
   <subfield code="c">2015</subfield>
  </datafield>
  <datafield tag="300" ind1=" " ind2=" ">
   <subfield code="a">107 tr. ; phụ lục 11 tr.</subfield>
   <subfield code="c">29 cm.</subfield>
   <subfield code="e">Tóm tắt</subfield>
  </datafield>
  <datafield tag="500" ind1=" " ind2=" ">
   <subfield code="a">Luận văn thạc sĩ Quản lý giáo dục. Chuyên ngành: Quản lý giáo dục. Mã số: 60.14.01.14</subfield>
  </datafield>
  <datafield tag="520" ind1="3" ind2=" ">
   <subfield code="a">Cơ sở lý luận về quản lý hoạt động tự bồi dưỡng chuyên môn của giáo viên tiểu học. Thực trạng quản lý hoạt động tự bồi dưỡng chuyên môn của giáo viên tiểu học quận Hải Châu, thành phố Đà Nẵng. Các biện pháp quản lý hoạt động tự bồi dưỡng chuyên môn của giáo viên tiểu học quận Hải Châu, thành phố Đà Nẵng</subfield>
  </datafield>
  <datafield tag="650" ind1="0" ind2="4">
   <subfield code="a">Giáo dục tiểu học</subfield>
   <subfield code="v">Luận văn tốt nghiệp</subfield>
   <subfield code="x">Giáo viên</subfield>
   <subfield code="x">Quản lý</subfield>
   <subfield code="z">Đà Nẵng</subfield>
  </datafield>
  <datafield tag="653" ind1=" " ind2=" ">
   <subfield code="a">Giáo dục tiểu học</subfield>
  </datafield>
  <datafield tag="653" ind1=" " ind2=" ">
   <subfield code="a">Giáo viên</subfield>
  </datafield>
  <datafield tag="653" ind1=" " ind2=" ">
   <subfield code="a">Quản lý giáo dục</subfield>
  </datafield>
  <datafield tag="653" ind1=" " ind2=" ">
   <subfield code="a">Quản lý chuyên môn</subfield>
  </datafield>
  <datafield tag="700" ind1="1" ind2=" ">
   <subfield code="a">Lê Quang Sơn</subfield>
   <subfield code="c">PGS.TS.</subfield>
   <subfield code="e">Hướng dẫn</subfield>
  </datafield>
  <datafield tag="OWN" ind1=" " ind2=" ">
   <subfield code="a">LSP</subfield>
  </datafield>
  <datafield tag="AVA" ind1=" " ind2=" ">
   <subfield code="a">UDN50</subfield>
   <subfield code="b">LSP</subfield>
   <subfield code="d">372.112 LÊ-T</subfield>
   <subfield code="e">available</subfield>
   <subfield code="t">Error 5001 Not defined in file expand_doc_bib_avail.</subfield>
   <subfield code="f">1</subfield>
   <subfield code="g">0</subfield>
   <subfield code="h">N</subfield>
   <subfield code="i">0</subfield>
   <subfield code="k">1</subfield>
  </datafield>
  <datafield tag="999" ind1=" " ind2=" ">
   <subfield code="a">From the UDN01</subfield>
  </datafield>
  <datafield tag="AVA" ind1=" " ind2=" ">
   <subfield code="a">UDN50</subfield>
   <subfield code="b">LSP</subfield>
   <subfield code="d">372.112 LÊ-T</subfield>
   <subfield code="e">available</subfield>
   <subfield code="t">Error 5001 Not defined in file expand_doc_bib_avail.</subfield>
   <subfield code="f">1</subfield>
   <subfield code="g">0</subfield>
   <subfield code="h">N</subfield>
   <subfield code="i">0</subfield>
   <subfield code="k">1</subfield>
  </datafield>
  <datafield tag="TYP" ind1=" " ind2=" ">
   <subfield code="a">Monograph</subfield>
  </datafield>
  <datafield tag="TYP" ind1=" " ind2=" ">
   <subfield code="a">Printed language</subfield>
  </datafield>
  <datafield tag="980" ind1=" " ind2=" ">
   <subfield code="a">Mạng thư viện Đại học Đà Nẵng</subfield>
  </datafield>
 </record>
</collection>
